000 00898cam a22002894a 4500
001 27783
005 20230410123644.0
008 980929s1998 sp b 000 0 spa
035 _9(DLC) 98203347
035 _a178560
925 0 _aacquire
_xGRF 10-02-98
942 _2lcc
_cbk
010 _a 98203347
020 _a8477771790
040 _aDLC
_cDLC
_dDLC
042 _apcc
043 _ae-sp---
050 1 4 _aKKT 5678.6
_bB427c 1998
100 1 _aBeldarraín Garín, Manuel.
245 1 3 _aEl concierto económico y su disposición adicional 2.a /
_cManuel Beldarraín Garín.
260 _a[Vitoria] :
_bInstituto Vasco de Administración Pública,
_c[1998]
300 _a219 p. ;
_c24 cm.
504 _aIncludes bibliographical references.
650 0 _aTaxation
_xLaw and legislation
_zSpain
_zPaís Vasco.
650 0 _aIntergovernmental tax relations
_zSpain.
922 _aax
999 _c65701
_d65701